000 02189nam0a2200373 4500
001 RU\NLR\BIBL_A\022495405
005 20250604105934.0
010 _a978-5-4484-5195-9
_9500
021 _aRU
_bКН-П-25-001857
_9КН-П-25-0175
035 _a(NLR Aleph) 022495405
090 _a13427157
_c13427157
100 _a20250319d2024 u y0rusy50 ca
101 0 _arus
102 _aRU
105 _aabc z 000zy
181 0 _ai
_baxxe
182 0 _an
200 1 _aБитва за Днепр. Штурм "Восточного вала", 1943
_eсборник военно-исторических работ, посвященных форсированию Красной армией Днепра осенью 1943 г., борьбе за Киев и плацдармы на Правобережье
_fавт.-сост. В. Л. Гончаров
203 _aТекст
_bвизуальный
_cнепосредственный
210 _aМосква
_cВече
_dпеч. 2024 (макет 2025)
215 _a621, [2] с.
_cил., портр., карты
_d22
225 1 _aШаги к Великой Победе
327 1 _aКн. содержит: подготовленный Генеральным штабом очерк "Наступление 1-го Украинского (Воронежского) фронта на киевском направлении в 1943 г.", и две работы о действиях войск 2-го Украинского фронта-37-й и 52-й армий
606 1 _aБитва за Днепр
_jСборники
_z1943
_91177032
_3RU\NLR\AUTH\66155447
686 1 _aЦ35(2)722.322я43
702 1 _4220
_7ca
_8rus
_aГончаров
_bВ. Л.
_cкритик, воен. историк
_f1970-
_gВладислав Львович
_910155
_3RU\NLR\AUTH\7727118
712 0 2 _4570
_aУкраинский фронт
_c1; 1943-1945
_9384887
_3RU\NLR\AUTH\880358730
712 0 2 _4570
_aАрмия
_c37; 1941-1944
_9528396
_3RU\NLR\AUTH\880432017
712 0 2 _4570
_aАрмия
_c52; 1941-1945
_92657693
_3RU\NLR\AUTH\880625325
942 _cBOOK
980 _aNB